History of design : (Record no. 30355)

MARC details
000 -LEADER
fixed length control field 02794nam a2200337 i 4500
001 - CONTROL NUMBER
control field 17738951
003 - CONTROL NUMBER IDENTIFIER
control field EG-ScBUE
005 - DATE AND TIME OF LATEST TRANSACTION
control field 20230514102232.0
008 - FIXED-LENGTH DATA ELEMENTS--GENERAL INFORMATION
fixed length control field 130515t2013 nyuab f b 001 0 eng d
020 ## - INTERNATIONAL STANDARD BOOK NUMBER
International Standard Book Number 9780300196146 (hardback)
040 ## - CATALOGING SOURCE
Original cataloging agency DLC
Language of cataloging eng
Description conventions rda
Transcribing agency DLC
Modifying agency DLC
-- EG-ScBUE
082 00 - DEWEY DECIMAL CLASSIFICATION NUMBER
Classification number 745
Edition number 22
Item number HIS
245 00 - TITLE STATEMENT
Title History of design :
Remainder of title decorative arts and material culture, 1400-2000 /
Statement of responsibility, etc Pat Kirkham, Susan Weber, editors, The Bard Graduate Center ; project editor, Heather Jane McCormick ; with contributions by John Robert Alderman [and 26 others].
264 #1 - PUBLICATION, DISTRIBUTION, ETC. (IMPRINT)
Place of publication, distribution, etc New York :
Name of publisher, distributor, etc Bard Graduate Center: Decorative Arts, Design History, Material Culture ;
Place of publication, distribution, etc New Haven :
Name of publisher, distributor, etc Yale University Press,
Date of publication, distribution, etc [2013]
264 #4 - PUBLICATION, DISTRIBUTION, ETC. (IMPRINT)
Date of publication, distribution, etc c2013
300 ## - PHYSICAL DESCRIPTION
Extent xiii, 698 pages :
Other physical details illustrations, maps ;
Dimensions 31 cm
336 ## - CONTENT TYPE
Content type term text
Source rdacontent
Content type code txt
336 ## - CONTENT TYPE
Content type term still image
Source rdacontent
Content type code txt
337 ## - MEDIA TYPE
Media type term unmediated
Source rdamedia
Media type code n
338 ## - CARRIER TYPE
Carrier type term volume
Source rdacarrier
Carrier type code nc
504 ## - BIBLIOGRAPHY, ETC. NOTE
Bibliography, etc Includes bibliographical references and index.
520 ## - SUMMARY, ETC.
Summary, etc " Spanning six centuries of global design, this far-reaching survey is the first to offer an account of the vast history of decorative arts and design produced in Africa, the Americas, Asia, Europe, the Indian subcontinent, and the Islamic world, from 1400 to the present. Meticulously documented and lavishly illustrated, the volume covers interiors, furniture, textiles and dress, glass, graphics, metalwork, ceramics, exhibitions, product design, landscape and garden design, and theater and film design. Divided into four chronological sections, each of which is subdivided geographically, the authors elucidate the evolution of style, form, materials, and techniques, and address vital issues such as gender, race, patronage, cultural appropriation, continuity versus innovation, and high versus low culture. Leading authorities in design history and decorative arts studies present hundreds of objects in their contemporary contexts, demonstrating the overwhelming extent to which the applied arts have enriched customs, ceremony, and daily life worldwide over the past six hundred years. This ambitious, landmark publication is essential reading, contributing a definitive classic to the existing scholarship on design, decorative arts, and material culture, while also introducing these subjects to new readers in a comprehensive, erudite book with widespread appeal"--
Assigning source Provided by publisher.
650 #7 - SUBJECT ADDED ENTRY--TOPICAL TERM
Topical term or geographic name as entry element Decorative arts
General subdivision History.
Source of heading or term BUEsh
653 ## - INDEX TERM--UNCONTROLLED
Resource For college Arts and Design
Arrived date list May2023
655 ## - INDEX TERM--GENRE/FORM
Form subdivision Reading book
700 1# - ADDED ENTRY--PERSONAL NAME
Personal name Kirkham, Pat,
Relator term editor of compilation.
700 1# - ADDED ENTRY--PERSONAL NAME
Personal name Weber, Susan,
Dates associated with a name 1954-
Relator term editor of compilation.
906 ## - LOCAL DATA ELEMENT F, LDF (RLIN)
a 7
b cbc
c orignew
d 1
e ecip
f 20
g y-gencatlg
942 ## - ADDED ENTRY ELEMENTS (KOHA)
Source of classification or shelving scheme Dewey Decimal Classification
Koha item type Book - Borrowing
Holdings
Withdrawn status Lost status Source of classification or shelving scheme Damaged status Not for loan Collection code Home library Current library Shelving location Date acquired Source of acquisition Cost, normal purchase price Serial Enumeration / chronology Total Checkouts Total Renewals Full call number Barcode Checked out Date last seen Date checked out Cost, replacement price Price effective from Koha item type
    Dewey Decimal Classification     Baccah Central Library Central Library Second Floor 14/05/2023 Purchase 2615.00 37380 1 1 745 HIS 000056629 19/11/2023 31/10/2023 31/10/2023 3268.75 14/05/2023 Book - Borrowing